header

Living in the crossfire (Record no. 138800)

MARC details
000 -LEADER
fixed length control field 01731nam a2200385Ia 4500
082 04 - DEWEY DECIMAL CLASSIFICATION NUMBER
Classification number 303.6/2086942098153
100 1# - MAIN ENTRY--AUTHOR NAME
Personal name Alves, Maria Helena Moreira,
245 10 - TITLE STATEMENT
Title Living in the crossfire
260 ## - PUBLICATION, DISTRIBUTION, ETC. (IMPRINT)
Place of publication Philadelphia, Pa. :
Name of publisher Temple University Press,
Year of publication 2011.
300 ## - PHYSICAL DESCRIPTION
Number of Pages x, 240 p.
490 1# - SERIES STATEMENT
Series statement Voices of Latin American life
650 #0 - SUBJECT ADDED ENTRY--TOPICAL TERM
Topical Term Drug traffic
Topical Term Slums
Topical Term Squatter settlements
Topical Term Violence
700 1# - ADDED ENTRY--PERSONAL NAME
Personal name Evanson, Philip.
856 40 - ELECTRONIC LOCATION AND ACCESS
Uniform Resource Identifier http://site.ebrary.com/lib/rucke/Doc?id=10451008

No items available.

© 2026 Rongo University
Contact us: librarian | system librarian | Rongo university